| 000 | 01605cas a2200385u 4500 | ||
|---|---|---|---|
| 003 | AUA.1 | ||
| 005 | 20250610083241.0 | ||
| 008 | 250610 eng | ||
| 035 | _a.b22486379 | ||
| 040 | _cAUA | ||
| 050 |
_aBX6102 _b.M56 |
||
| 222 | 7 |
_aMinistry _beJournal Links. |
|
| 245 | 1 | 0 |
_aMinistry _bInternational Journal for Pastors |
| 260 |
_cJuly 2023 _aNampa, USA _bPacific Press |
||
| 300 |
_a30p. _bill. |
||
| 440 |
_aChristian Leadership _vVol.95,No.7 _934703 |
||
| 505 |
_aPastoral leadership: A catalyst for whole church ministry _rBoubakar Sanou |
||
| 505 |
_aThe spiritual journey of leadership: A "growth" Framework _rRandy J. Siebold |
||
| 505 |
_aShaping the heart of a leader _rErich Baumgartner |
||
| 505 |
_aForgiveness- The core of innovation _rKaren Tilstra |
||
| 505 |
_aSocial change model of leadership development _rSung K. Kwon |
||
| 505 |
_aGuest Editorial _rRandy J. Siebold and Erich Baumgartner |
||
| 505 |
_aResources _rErich Baumgartner |
||
| 505 | _aLetters | ||
| 505 |
_aPastor's pastor _rRamon J. Canals |
||
| 505 | _aDateline | ||
| 505 |
_aPractical pointers _rJill Buller |
||
| 610 | 2 | 0 |
_aSeventh-day Adventists _xClergy _xPeriodicals. _934704 |
| 650 | 0 |
_aPastoral theology _xSeventh-day Adventists _xPeriodicals. _934705 |
|
| 690 |
_aSeventh-day Adventist publications. _934706 |
||
| 700 |
_aPavel Goia _eEditor _934707 |
||
| 710 | 2 | 0 |
_aGeneral Conference of Seventh-day Adventists. _bMinisterial Association. _934708 |
| 856 |
_uhttp://www.ministrymagazine.org/archive _zMinistry magazine |
||
| 942 |
_2lcc _cPER _hBX6102 _i.M56 2023 |
||
| 999 |
_c25085 _d25085 |
||